[Event "Thessaloniki-Chalkidiki-chT"]
[Site "Thessaloniki"]
[Date "2022.04.02"]
[Round "6"]
[White "Hristof, Petros"]
[Black "Tsamis, Emmanouil"]
[Result "1-0"]
[WhiteElo "1376"]
[BlackElo "1319"]
[PlyCount "69"]
[EventDate "2022.02.20"]
[EventType "team-tourn"]
[EventRounds "7"]
[EventCountry "GRE"]
[SourceTitle "EXT 2024"]
[Source "ChessBase"]
[SourceDate "2023.10.10"]
[SourceVersion "1"]
[SourceVersionDate "2023.10.10"]
[SourceQuality "1"]

1. Nf3 d5 2. e3 c5 3. c4 d4 4. exd4 cxd4 5. d3 Nc6 6. g3 g6 7. Bg2 Bg7 8. a3 a5 9. 0-0 Nf6 10. Re1 0-0 11. Nbd2 Bf5 12. Nb3 a4 13. Nc5 Qa5 14. b4 axb3 15. Nxb3 Qc3 16. Bd2 Qxd3 17. Bf1 Qc2 18. Qxc2 Bxc2 19. Nbxd4 Nxd4 20. Nxd4 Ne4 21. Be3 Ba4 22. Bg2 Nc5 23. Rab1 e5 24. Nb5 Rac8 25. Nd6 Rc7 26. Bxc5 Rxc5 27. Rxb7 f5 28. Bd5+ Kh8 29. Nf7+ Kg8 30. Nxe5+ Kh8 31. Nf7+ Kg8 32. Ng5+ Kh8 33. Ree7 Re8 34. Rxe8+ Bxe8 35. Rb8 1-0